[Event "GER-chT Youth Countries 2018"]
[Site "Wurzburg"]
[Date "2018.10.05"]
[Round "5"]
[White "Schneider, Jana"]
[Black "Kuznecovs, Nikita"]
[Result "0-1"]
[WhiteElo "2174"]
[BlackElo "2226"]
[Annotator "NA"]
[PlyCount "94"]
[EventDate "2018.10.03"]
[EventType "team-tourn"]
[EventCountry "GER"]
[SourceTitle "playchess.com"]
[Source "ChessBase"]
[SourceQuality "1"]
[TimeControl "40/5400+30:1800+30"]

1. e4 {[%emt 0:00:00]} e6 {[%emt 0:00:00]} 2. d4 {[%emt 0:00:00]} d5 {[%emt 0:00:00]} 3. Nd2 {[%emt 0:00:00]} Be7 {[%emt 0:00:00]} 4. e5 {[%emt 0:00:20]} c5 {[%emt 0:00:00]} 5. c3 {[%emt 0:00:15]} cxd4 {[%emt 0:00:20]} 6. cxd4 {[%emt 0:00:09]} Qb6 {[%emt 0:00:32]} 7. Ngf3 {[%emt 0:01:21]} Nc6 {[%emt 0:00:19]} 8. Nb3 {[%emt 0:04:19]} a5 {[%emt 0:04:40]} 9. Be3 {[%emt 0:11:16]} a4 {[%emt 0:02:29]} 10. Nbd2 {[%emt 0:01:28]} Qxb2 {[%emt 0:02:30]} 11. Bd3 {[%emt 0:01:04]} Qc3 {[%emt 0:10:59]} 12. Bb5 {[%emt 0:01:19]} Nh6 {[%emt 0:08:35]} 13. O-O $17 {[%emt 0:11:51]} ({Besser ist} 13. Bxh6 $15 gxh6 14. O-O) 13... Nf5 {[%emt 0:03:15]} 14. Re1 {[%emt 0:01:33]} Nxe3 {[%emt 0:12:22]} 15. Rxe3 {[%emt 0:07:47]} Qa5 {[%emt 0:00:19]} 16. Bxc6+ {[%emt 0:02:20]} bxc6 {[%emt 0:00:10]} 17. Rc1 {[%emt 0:00:47]} Bd7 {[%emt 0:06:56]} 18. Rec3 Bb4 {[%emt 0:06:08]} 19. R3c2 {[%emt 0:06:01]} Ba3 {[%emt 0:00:56]} 20. Rb1 {[%emt 0:00:58]} O-O {[%emt 0:06:00]} 21. Ng5 {[%emt 0:08:16]} h6 {[%emt 0:03:57]} 22. Nh3 {[%emt 0:03:05]} c5 {[%emt 0:02:26]} 23. Qg4 {[%emt 0:04:01]} cxd4 {[%emt 0:01:47]} 24. Nf4 {[%emt 0:02:45]} Rfb8 {[%emt 0:03:26]} 25. Rd1 {[%emt 0:03:10]} Bf8 {[%emt 0:01:06]} 26. Nf1 {[%emt 0:05:39]} d3 {[%emt 0:03:58]} 27. Rxd3 {[%emt 0:04:51]} Rb1 {[%emt 0:00:42]} 28. Rd1 {[%emt 0:01:08]} Rxd1 {[%emt 0:06:01]} 29. Qxd1 {[%emt 0:00:10]} Rc8 {[%emt 0:02:03]} 30. Rb2 {[%emt 0:03:14]} a3 {[%emt 0:00:09]} 31. Rb1 {[%emt 0:02:26]} Qa4 {[%emt 0:02:19]} 32. Qf3 {[%emt 0:03:44]} Qc2 {[%emt 0:01:43]} 33. Rb7 {[%emt 0:01:00]} Rc7 {[%emt 0:05:27]} 34. Rb8 {[%emt 0:00:41]} Bc8 {[%emt 0:00:06]} 35. Nh5 {[%emt 0:02:39]} Qf5 {[%emt 0:01:04]} 36. Qxf5 {[%emt 0:06:23]} exf5 {[%emt 0:00:03]} 37. Nf4 {[%emt 0:01:11]} d4 {[%emt 0:02:20]} 38. g3 {[%emt 0:01:08]} Be6 {[%emt 0:02:01]} 39. Nxe6 {[%emt 0:00:31]} fxe6 {[%emt 0:00:03]} 40. Rd8 {[%emt 0:00:09]} Rc2 {[%emt 0:01:48]} 41. Rxd4 {[%emt 0:30:24]} Rxa2 {[%emt 0:30:52]} 42. Ra4 {[%emt 0:01:02]} Bc5 {[%emt 0:00:00]} 43. Ne3 {[%emt 0:00:00]} Rb2 {[%emt 0:00:00]} 44. Nc4 {[%emt 0:00:00]} Rxf2 {[%emt 0:00:00]} 45. Ra8+ {[%emt 0:00:00]} Kh7 {[%emt 0:00:00]} 46. Na5 {[%emt 0:00:00]} Rf4+ {[%emt 0:00:00]} 47. Kg2 {[%emt 0:00:00]} Ra4 {[%emt 0:00:00]} 0-1

[Event "GER-chT Youth Countries 2018"]
[Site "Wurzburg"]
[Date "2018.10.05"]
[Round "5"]
[White "Knuedel, Torben"]
[Black "Svane, Frederik"]
[Result "1/2-1/2"]
[WhiteElo "2135"]
[BlackElo "2287"]
[Annotator "NA RC"]
[PlyCount "83"]
[EventDate "2018.10.03"]
[EventType "team-tourn"]
[EventCountry "GER"]
[SourceTitle "playchess.com"]
[Source "ChessBase"]
[SourceQuality "1"]
[TimeControl "40/5400+30:1800+30"]

1. e4 {[%emt 0:00:00] Chuchelov,V} c5 {[%emt 0:00:00]} 2. Nf3 {[%emt 0:00:00]} e6 {[%emt 0:00:00]} 3. d4 {[%emt 0:00:00]} cxd4 {[%emt 0:00:00]} 4. Nxd4 {[%emt 0:00:00]} a6 {[%emt 0:00:00]} 5. Bd3 {[%emt 0:00:00]} Nf6 {[%emt 0:00:00]} 6. O-O {[%emt 0:00:50]} Qc7 {[%emt 0:00:07]} 7. Qe2 {[%emt 0:00:07]} d6 {[%emt 0:00:05]} 8. f4 {[%emt 0:00:09]} g6 {[%emt 0:00:13]} 9. f5 {[%emt 0:04:42] B42: Sicilian: Kan Variation: 5 Bd3} (9. Nc3 Bg7 10. e5 dxe5 11. Ndb5 axb5 12. Nxb5 Qe7 13. fxe5 O-O 14. exf6 Bxf6 15. c3 Bg7 16. Bc4 Kh8 {½-½ (60) Lampert,J (2546)-Gordievsky,D (2638) Biel 2018}) 9... Bg7 {[%emt 0:00:34]} 10. fxe6 {[%emt 0:01:22]} fxe6 {[%emt 0:01:22]} 11. Be3 {[%emt 0:01:00]} O-O {[%emt 0:02:30]} 12. Nc3 $146 {[%emt 0:01:35]} ({Predecessor:} 12. Nd2 Bd7 13. Bc4 d5 14. Bb3 Nc6 15. Nxc6 Bxc6 16. exd5 exd5 {½-½ (30) Fleck,J (2396)-Chuchelov,V (2535) Germany 2000 CBM 079 [Chuchelov,V]}) 12... Nc6 {[%emt 0:25:37]} 13. Bc4 {[%emt 0:01:30]} Nxd4 {[%emt 0:15:31]} 14. Bxd4 {[%emt 0:00:13]} Ne8 {[%emt 0:03:53]} 15. Rxf8+ {[%emt 0:05:49]} Kxf8 {[%emt 0:00:27]} 16. Qf2+ {[%emt 0:06:48]} Kg8 {[%emt 0:02:02]} 17. Nd5 {[%emt 0:09:07]} Bxd4 {[%emt 0:00:12]} 18. Qxd4 {[%emt 0:00:06]} Qg7 {[%emt 0:00:30]} 19. Qxg7+ {[%emt 0:00:56]} Kxg7 {[%emt 0:00:05]} 20. Nb6 {[%emt 0:01:50]} Rb8 {[%emt 0:00:05]} 21. Rd1 {[%emt 0:11:22]} Kf6 {[%emt 0:05:10]} 22. Bb3 {[%emt 0:07:58]} Ke7 {[%emt 0:01:47]} 23. Ba4 {[%emt 0:02:05]} Nf6 {[%emt 0:07:56]} 24. Rd4 {[%emt 0:09:20]} Nd7 {[%emt 0:12:12]} 25. Bxd7 {[%emt 0:01:22]} Bxd7 {[%emt 0:00:31]} 26. Kf2 {[%emt 0:17:45]} Bc6 {[%emt 0:04:18]} 27. Ke3 {[%emt 0:00:33]} Rf8 {[%emt 0:03:08]} 28. c4 {[%emt 0:00:43]} e5 {[%emt 0:01:51]} 29. Rd2 {[%emt 0:00:22]} Ke6 {[%emt 0:00:17]} 30. Nd5 {[%emt 0:07:21]} Rf1 {[%emt 0:02:30]} 31. Rf2 {[%emt 0:00:55]} Rxf2 {[%emt 0:02:20]} 32. Kxf2 {[%emt 0:00:01]} b5 {[%emt 0:02:09]} 33. b3 {[%emt 0:02:03]} bxc4 {[%emt 0:00:07]} 34. bxc4 {[%emt 0:00:01]} Bxd5 {[%emt 0:03:15]} 35. cxd5+ {[%emt 0:00:38]} Kd7 {[%emt 0:00:17]} 36. a4 {[%emt 0:00:59]} a5 {[%emt 0:01:05]} 37. Ke3 {[%emt 0:00:40]} Kc7 {[%emt 0:00:06]} 38. Kd3 {[%emt 0:00:51]} Kb6 {[%emt 0:00:04]} 39. Kc4 {[%emt 0:00:54]} Ka6 {[%emt 0:00:05]} 40. Kd3 {[%emt 0:00:09]} Kb7 {[%emt 0:00:03]} 41. Kc3 {[%emt 0:30:10]} Kc7 $11 {[%emt 0:30:15]} 42. Kd3 {[%emt 0:00:12]} 1/2-1/2

[Event "GER-chT Youth Countries 2018"]
[Site "Wurzburg"]
[Date "2018.10.05"]
[Round "5"]
[White "Koelle, Tobias"]
[Black "Yankelevich, Michael"]
[Result "1-0"]
[WhiteElo "2125"]
[BlackElo "1961"]
[Annotator "NA RC"]
[PlyCount "127"]
[EventDate "2018.10.03"]
[EventType "team-tourn"]
[EventCountry "GER"]
[SourceTitle "playchess.com"]
[Source "ChessBase"]
[SourceQuality "1"]
[TimeControl "40/5400+30:1800+30"]

1. d4 {[%emt 0:00:00]} d5 {[%emt 0:00:00]} 2. c4 {[%emt 0:00:00]} e6 {[%emt 0:00:00]} 3. Nc3 {[%emt 0:00:00]} c6 {[%emt 0:00:03]} 4. e3 {[%emt 0:01:10]} Bd6 {[%emt 0:00:34]} 5. Nf3 {[%emt 0:00:08]} f5 {[%emt 0:00:13]} 6. Bd3 {[%emt 0:01:54]} Nh6 {[%emt 0:01:22] A84: Dutch Defence: 2 c4 Miscellaneous} 7. Qc2 {[%emt 0:01:39]} O-O {[%emt 0:01:26]} 8. b3 {[%emt 0:00:23]} Nd7 {[%emt 0:00:35]} 9. Bb2 {[%emt 0:02:01]} b6 {[%emt 0:01:20]} 10. O-O $146 {[%emt 0:05:11]} ({Predecessor:} 10. Ne2 Bb7 11. Ng3 Rc8 12. a3 Qe7 13. Qe2 c5 14. cxd5 Bxd5 {0-1 (39) Diermair,A (2479)-Erdos,V (2579) Prague 2016}) 10... Bb7 {[%emt 0:00:48]} 11. a4 {[%emt 0:02:26]} a5 {[%emt 0:01:36]} 12. Ba3 {[%emt 0:05:27]} Qe7 {[%emt 0:02:05]} 13. Bxd6 {[%emt 0:00:24]} Qxd6 {[%emt 0:00:09]} 14. Ne2 {[%emt 0:04:50]} Rac8 {[%emt 0:03:14]} 15. cxd5 {[%emt 0:04:30]} exd5 {[%emt 0:00:40]} 16. Ng3 {[%emt 0:03:03]} Qf6 {[%emt 0:01:31]} 17. Qb2 {[%emt 0:05:03]} c5 {[%emt 0:04:49]} 18. Bb5 {[%emt 0:02:13]} Bc6 {[%emt 0:01:09]} 19. Bxc6 {[%emt 0:00:48]} Rxc6 $16 {[%emt 0:00:13]} 20. Ne5 {[%emt 0:02:12]} Nxe5 {[%emt 0:02:46]} 21. dxe5 {[%emt 0:02:05]} Qh4 {[%emt 0:02:04]} 22. Ne2 {[%emt 0:12:34]} Re8 {[%emt 0:03:46]} 23. h3 {[%emt 0:11:08]} Qe4 {[%emt 0:01:33]} 24. Rad1 {[%emt 0:03:20]} Qxe5 {[%emt 0:06:17]} 25. Qxe5 {[%emt 0:00:23]} Rxe5 {[%emt 0:00:02]} 26. Rd2 {[%emt 0:00:36]} c4 {[%emt 0:00:59]} 27. Rb1 {[%emt 0:06:45]} cxb3 {[%emt 0:02:51]} 28. Rxb3 {[%emt 0:00:16]} Re4 {[%emt 0:04:26]} 29. Nd4 {[%emt 0:02:20]} Rc4 {[%emt 0:00:54]} 30. Rxb6 {[%emt 0:00:21]} f4 {[%emt 0:00:30]} 31. Nb5 {[%emt 0:01:15]} Rc1+ {[%emt 0:01:06]} 32. Kh2 {[%emt 0:00:13]} fxe3 {[%emt 0:01:26]} 33. fxe3 {[%emt 0:00:50]} Rxa4 {[%emt 0:01:09]} 34. Rxd5 {[%emt 0:00:45]} Rf1 {[%emt 0:02:39]} 35. Rd7 {[%emt 0:01:15]} Rf8 {[%emt 0:06:24]} 36. Rbb7 {[%emt 0:00:13]} Nf5 {[%emt 0:00:30]} 37. Nd4 {[%emt 0:01:45]} Rb4 {[%emt 0:02:49]} 38. Ra7 {[%emt 0:01:10]} a4 {[%emt 0:00:36]} 39. Nxf5 {[%emt 0:00:13]} Rxf5 {[%emt 0:00:04]} 40. Rxg7+ {[%emt 0:00:11]} Kf8 {[%emt 0:00:03]} 41. Rxh7 {[%emt 0:30:12]} Kg8 {[%emt 0:30:01]} 42. Rhd7 {[%emt 0:00:45]} Re4 {[%emt 0:00:11]} 43. Rd8+ {[%emt 0:00:15]} Rf8 {[%emt 0:00:00]} 44. Rd4 {[%emt 0:00:10]} Rxe3 {[%emt 0:00:28]} 45. Rg4+ {[%emt 0:00:08]} Kh8 {[%emt 0:00:05]} 46. Raxa4 {[%emt 0:00:16]} Re7 {[%emt 0:00:12]} 47. Rh4+ {[%emt 0:00:06]} Rh7 {[%emt 0:00:01]} 48. Rxh7+ {[%emt 0:00:09]} Kxh7 49. Ra6 {[%emt 0:00:29]} Rb8 {[%emt 0:00:21]} 50. h4 {[%emt 0:00:22]} Kg7 {[%emt 0:00:03]} 51. Kh3 {[%emt 0:00:13]} Kh7 {[%emt 0:00:00]} 52. g3 {[%emt 0:00:12]} Kg7 {[%emt 0:00:07]} 53. h5 {[%emt 0:00:15]} Kh7 {[%emt 0:00:00]} 54. Kh4 {[%emt 0:00:10]} Kg7 {[%emt 0:00:01]} 55. g4 {[%emt 0:00:12]} Kh7 {[%emt 0:00:00]} 56. Ra7+ {[%emt 0:00:11]} Kh8 {[%emt 0:00:27]} 57. h6 {[%emt 0:00:14]} Rc8 {[%emt 0:00:13]} 58. Kh5 {[%emt 0:00:13]} Rb8 {[%emt 0:00:07]} 59. g5 {[%emt 0:00:20]} Rc8 {[%emt 0:00:11]} 60. Ra5 {[%emt 0:01:12]} Rb8 {[%emt 0:00:41]} 61. g6 {[%emt 0:02:12]} Rc8 {[%emt 0:00:11]} 62. Rd5 {[%emt 0:00:32]} Rf8 {[%emt 0:00:30]} 63. g7+ {[%emt 0:00:09]} Kh7 {[%emt 0:00:00]} 64. gxf8=N+ {[%emt 0:00:18]} 1-0

[Event "GER-chT Youth Countries 2018"]
[Site "Wurzburg"]
[Date "2018.10.05"]
[Round "5"]
[White "Yi, Danny"]
[Black "Gressmann, Moritz"]
[Result "0-1"]
[WhiteElo "2092"]
[BlackElo "2106"]
[Annotator "TA"]
[PlyCount "84"]
[EventDate "2018.10.03"]
[EventType "team-tourn"]
[EventCountry "GER"]
[SourceTitle "playchess.com"]
[Source "ChessBase"]
[SourceQuality "1"]

{[%evp 9,83,14,19,7,22,17,22,21,21,18,10,8,23,0,0,0,60,25,20,10,16,0,36,18,49,18,23,22,154,157,143,40,36,38,44,42,48,44,50,14,41,-5,47,19,36,-44,-36,-174,-175,-350,-334,-441,-437,-433,-403,-443,-320,-320,-270,-522,-440,-408,-263,-894,-750,-716,-718,-654,-523,-514,-506,-474,-470,-29987,-29988,-29999]} 1. e4 e5 2. Nf3 Nc6 3. Bc4 Nf6 4. d3 Bc5 5. c3 d6 6. a4 {C54: Giuoco Piano: 4 c3 Nf6, main lines with 5 d4 and 5 d3} (6. Nbd2 a5 7. Nf1 h6 8. Ng3 O-O 9. O-O Re8 10. h3 Be6 11. Bb5 Bd7 12. Re1 Ne7 13. Bxd7 Qxd7 14. d4 exd4 15. cxd4 {0-1 (43) Duda,J (2737)-Grischuk,A (2766) chess.com INT 2018}) 6... a6 7. O-O Ba7 8. Nbd2 {The position is equal.} h6 9. Bb3 O-O 10. h3 Nh5 11. Re1 Qf6 12. Nf1 {[%cal Bd2f1,Bf1e3,Be3c4,Bc4d6][%mdl 32]} Nf4 (12... Qg6 $11) 13. Bxf4 (13. Ng3 {is interesting.} Ne6 14. Nh5 Qe7 15. Be3 Bxe3 16. Rxe3 g6 17. Ng3) 13... Qxf4 14. Ne3 Ne7 $146 ({Predecessor:} 14... Bxe3 15. fxe3 Qg3 {1-0 (28) Ridder,D (1582)-Gressmann,M (1846) Magdeburg 2012}) 15. d4 Kh8 16. Bc2 c6 17. Nc4 exd4 $1 18. cxd4 g5 (18... d5 $11 19. Nce5 (19. exd5 Nxd5 20. Nce5 Qf6 $14) 19... Be6) 19. e5 $16 dxe5 20. Re4 (20. Rxe5 $16 Qf6 21. Qd2 (21. Qd3 Ng6 $14)) 20... Qf6 $14 21. dxe5 Qg7 $1 22. Nd6 Be6 23. Nd4 (23. Nxb7 Bd5 $15) 23... Rad8 {[#] aiming for ...Bd5.} 24. Qe2 ({Of course not} 24. Nxb7 Bf5 $15) ({But not} 24. Nxe6 fxe6 25. Re2 Nd5 $15) 24... Rd7 25. g4 Ng6 (25... Bd5 $11 26. N4f5 Nxf5 27. gxf5 f6) 26. N4f5 Qh7 27. Kh2 (27. Re1 $14) 27... Bd5 $15 28. Ng3 (28. Rd1 $1 $15) 28... Bxe4 29. Ngxe4 $2 (29. Ndxe4 Nf4 30. Qe1) 29... Qg7 $19 30. Nf5 Qxe5+ 31. Kg1 Bb8 32. Qf3 Qh2+ 33. Kf1 Ne5 34. Qa3 $2 (34. Qg2 Qf4 35. Qg3) 34... Rfd8 35. Ke2 Ba7 {( -> ...Rd2+!)} 36. Qc3 $2 (36. Qg3 Qxg3 37. fxg3) 36... Rd2+ 37. Qxd2 Rxd2+ 38. Kxd2 Bxf2 39. Rd1 Qf4+ 40. Kc3 {Rd8+ is the strong threat.} Qf3+ 41. Kb4 {[#]} (41. Kd2 $19) 41... c5+ 42. Ka5 Nc4# {Precision: White = 36%, Black = 40%.} 0-1

[Event "GER-chT Youth Countries 2018"]
[Site "Wurzburg"]
[Date "2018.10.05"]
[Round "5"]
[White "Burian, Simon"]
[Black "Mantel, Ruben"]
[Result "1-0"]
[WhiteElo "2091"]
[BlackElo "2101"]
[Annotator "NA RC"]
[PlyCount "59"]
[EventDate "2018.10.03"]
[EventType "team-tourn"]
[EventCountry "GER"]
[SourceTitle "playchess.com"]
[Source "ChessBase"]
[SourceQuality "1"]
[TimeControl "40/5400+30:1800+30"]

1. e4 {[%emt 0:00:00]} c5 {[%emt 0:00:00]} 2. Nf3 {[%emt 0:00:00]} Nc6 {[%emt 0:00:00]} 3. d4 {[%emt 0:00:00]} cxd4 {[%emt 0:00:22]} 4. Nxd4 {[%emt 0:00:00]} Nf6 {[%emt 0:00:38]} 5. Nc3 {[%emt 0:00:10]} e5 {[%emt 0:00:17]} 6. Ndb5 {[%emt 0:00:33]} d6 {[%emt 0:00:07]} 7. Bg5 {[%emt 0:00:59]} a6 {[%emt 0:00:08]} 8. Na3 {[%emt 0:00:09]} b5 {[%emt 0:00:09]} 9. Bxf6 {[%emt 0:00:56]} gxf6 {[%emt 0:00:08]} 10. Nd5 {[%emt 0:00:20]} Bg7 {[%emt 0:00:24]} 11. Bd3 {[%emt 0:02:20]} Be6 {[%emt 0:03:51]} 12. O-O {[%emt 0:06:12]} f5 {[%emt 0:02:36]} 13. Qh5 {[%emt 0:03:59]} f4 {[%emt 0:08:38]} 14. c3 {[%emt 0:04:53]} O-O {[%emt 0:05:48]} 15. Nc2 {[%emt 0:03:26]} h6 {[%emt 0:09:08] LiveBook: 3 Games} 16. Rfd1 $14 {[%emt 0:05:13]} Rb8 {[%emt 0:06:53]} 17. h3 {[%emt 0:05:20]} f5 {[%emt 0:02:32]} 18. Ndb4 {[%emt 0:08:15]} Ne7 {[%emt 0:33:33]} 19. Nxa6 {[%emt 0:08:30]} Rb6 {[%emt 0:06:15]} 20. Nab4 {[%emt 0:02:23]} Qa8 {[%emt 0:04:47]} 21. Qf3 {[%emt 0:16:53]} d5 {[%emt 0:02:50]} 22. exd5 {[%emt 0:01:27]} Bd7 {[%emt 0:05:03]} 23. Bf1 {[%emt 0:03:01]} Ng6 {[%emt 0:01:11]} 24. Qh5 {[%emt 0:01:39]} Kh7 {[%emt 0:02:02]} 25. Rd2 {[%emt 0:08:44]} Be8 {[%emt 0:01:24]} 26. d6 {[%emt 0:00:45]} Bd7 {[%emt 0:00:39]} 27. Rad1 {[%emt 0:01:36]} e4 {[%emt 0:00:30]} 28. Nd5 {[%emt 0:01:31]} Rxd6 {[%emt 0:01:05]} 29. Nc7 {[%emt 0:00:47]} Rxd2 {[%emt 0:01:34]} 30. Nxa8 {[%emt 0:00:11]} 1-0

[Event "GER-chT Youth Countries 2018"]
[Site "Wurzburg"]
[Date "2018.10.05"]
[Round "5"]
[White "Pubantz, Jan"]
[Black "Glinzner, Alva"]
[Result "1-0"]
[WhiteElo "2084"]
[BlackElo "1787"]
[Annotator "NA RC"]
[PlyCount "83"]
[EventDate "2018.10.03"]
[EventType "team-tourn"]
[EventCountry "GER"]
[SourceTitle "playchess.com"]
[Source "ChessBase"]
[SourceQuality "1"]
[TimeControl "40/5400+30:1800+30"]

1. d4 {[%emt 0:00:00]} Nf6 {[%emt 0:00:00]} 2. c4 {[%emt 0:00:00]} e6 {[%emt 0:00:00]} 3. Nf3 {[%emt 0:00:00]} d5 {[%emt 0:00:00]} 4. g3 {[%emt 0:00:00]} Be7 {[%emt 0:00:02]} 5. Bg2 {[%emt 0:00:00]} O-O {[%emt 0:00:15]} 6. O-O {[%emt 0:00:00]} c6 {[%emt 0:00:10]} 7. Qc2 {[%emt 0:00:06]} Nbd7 {[%emt 0:00:20]} 8. Nbd2 {[%emt 0:00:10]} b6 {[%emt 0:00:20]} 9. e4 {[%emt 0:00:12]} Bb7 {[%emt 0:00:15]} 10. e5 {[%emt 0:00:28]} Ne8 {[%emt 0:00:19]} 11. cxd5 {[%emt 0:00:09]} cxd5 {[%emt 0:00:12]} 12. Re1 {[%emt 0:01:15]} Rc8 {[%emt 0:00:28]} 13. Qa4 {[%emt 0:01:37] E09: Closed Catalan: Main Line: 7 Qc2 c6 8 Nbd2} (13. Qd1 Qc7 14. Nb1 b5 15. Bf1 b4 16. Bd3 h6 17. Bf4 Qb6 18. Nbd2 Ba6 19. Bc2 f5 20. exf6 Rxf6 {1-0 (32) Gelfand,B (2729)-Stupak,K (2573) Tbilisi 2017}) 13... Bc6 {[%emt 0:00:21]} 14. Qb3 {[%emt 0:02:56]} b5 {[%emt 0:02:30]} 15. Bf1 {[%emt 0:07:38]} b4 {[%emt 0:02:55]} 16. Bd3 $146 {[%emt 0:09:09]} ({Predecessor:} 16. Ba6 Rb8 17. Bd3 Bb5 18. Bb1 Rc8 19. Nf1 a5 20. a4 Bc4 {1-0 (49) Swinkels,R (2482)-Orlov,A (2489) Germany 2016}) 16... Nb6 {[%emt 0:03:49]} 17. Bb1 {[%emt 0:07:24]} Bb5 {[%emt 0:07:08]} 18. Nf1 {[%emt 0:02:40]} a5 {[%emt 0:07:20]} 19. h4 {[%emt 0:06:22]} h6 {[%emt 0:07:08]} 20. N1h2 {[%emt 0:13:52]} Qc7 {[%emt 0:07:49]} 21. Ng4 {[%emt 0:01:41]} Ba4 {[%emt 0:13:51]} 22. Qe3 {[%emt 0:07:51]} Bc2 {[%emt 0:01:08]} 23. Nxh6+ $17 {[%emt 0:07:16]} (23. b3 $11) 23... gxh6 {[%emt 0:00:56]} 24. Qxh6 {[%emt 0:00:12]} Bxb1 {[%emt 0:01:01]} 25. Rxb1 {[%emt 0:00:51]} Qc2 {[%emt 0:00:54]} 26. Bg5 {[%emt 0:01:01]} Bxg5 {[%emt 0:03:00]} 27. Nxg5 {[%emt 0:00:43]} Ng7 {[%emt 0:06:50]} 28. h5 {[%emt 0:07:05]} Nd7 {[%emt 0:05:28]} 29. g4 {[%emt 0:07:57]} f6 {[%emt 0:02:05]} 30. Rbc1 {[%emt 0:01:29]} Qd3 {[%emt 0:02:05]} 31. Rxc8 {[%emt 0:01:01]} Rxc8 {[%emt 0:01:37]} 32. exf6 {[%emt 0:00:09]} Nxf6 {[%emt 0:01:49]} 33. Qxf6 {[%emt 0:00:22]} Rf8 {[%emt 0:00:18]} 34. Qe5 {[%emt 0:02:12]} Qd2 {[%emt 0:03:27]} 35. Qe3 {[%emt 0:00:09]} Rxf2 {[%emt 0:12:03]} 36. Qxf2 {[%emt 0:00:25]} Qxg5 {[%emt 0:00:03]} 37. Qg2 {[%emt 0:01:10]} Qf4 {[%emt 0:00:56]} 38. Rd1 {[%emt 0:01:45]} Qe3+ {[%emt 0:02:37]} 39. Kh1 {[%emt 0:00:20]} Qf4 {[%emt 0:01:42]} 40. Rf1 {[%emt 0:02:46]} Qg5 {[%emt 0:01:44]} 41. Qf3 {[%emt 0:30:48]} Qe7 {[%emt 0:33:01]} 42. Qf6 {[%emt 0:00:53]} 1-0

[Event "GER-chT Youth Countries 2018"]
[Site "Wurzburg"]
[Date "2018.10.05"]
[Round "5"]
[White "Musiolik, David"]
[Black "Richter, Nils"]
[Result "1/2-1/2"]
[WhiteElo "2057"]
[BlackElo "2035"]
[Annotator "NA RC"]
[PlyCount "64"]
[EventDate "2018.10.03"]
[EventType "team-tourn"]
[EventCountry "GER"]
[SourceTitle "playchess.com"]
[Source "ChessBase"]
[SourceQuality "1"]
[TimeControl "40/5400+30:1800+30"]

1. e4 {[%emt 0:00:00]} c5 {[%emt 0:00:00]} 2. Nf3 {[%emt 0:00:00]} e6 {[%emt 0:00:00]} 3. d4 {[%emt 0:00:00]} cxd4 {[%emt 0:00:00]} 4. Nxd4 {[%emt 0:00:00]} Nc6 {[%emt 0:00:00]} 5. Nc3 {[%emt 0:00:10]} Qc7 {[%emt 0:00:01]} 6. Nb3 {[%emt 0:09:18]} Nf6 {[%emt 0:03:03]} 7. Bd3 {[%emt 0:01:58]} a6 {[%emt 0:03:41]} 8. O-O {[%emt 0:05:11]} Be7 {[%emt 0:02:44]} 9. f4 {[%emt 0:01:44]} d6 {[%emt 0:00:52]} 10. Qe2 {[%emt 0:01:14]} O-O {[%emt 0:02:40]} 11. Bd2 {[%emt 0:01:20]} b5 {[%emt 0:07:37]} 12. Rae1 {[%emt 0:07:05]} b4 {[%emt 0:05:10]} 13. Nd1 $15 {[%emt 0:06:51] LiveBook: 6 Games} Nd7 {[%emt 0:04:35]} 14. c3 {[%emt 0:02:18]} a5 {[%emt 0:02:21]} 15. Nd4 {[%emt 0:02:47]} Nc5 {[%emt 0:02:51]} 16. Bb5 {[%emt 0:07:01]} Bb7 {[%emt 0:02:03]} 17. Nxc6 {[%emt 0:08:12]} Bxc6 {[%emt 0:00:05]} 18. Bxc6 {[%emt 0:01:16]} Qxc6 {[%emt 0:00:02]} 19. Kh1 {[%emt 0:06:01]} Rab8 {[%emt 0:07:02]} 20. Rf3 {[%emt 0:06:15]} Rfe8 {[%emt 0:09:33]} 21. Nf2 {[%emt 0:07:11]} Bf8 {[%emt 0:04:34]} 22. Nd3 {[%emt 0:03:03]} d5 {[%emt 0:04:13]} 23. Nxc5 {[%emt 0:07:05]} Bxc5 {[%emt 0:00:42]} 24. c4 {[%emt 0:01:56]} Bd4 {[%emt 0:07:23]} 25. Rd3 {[%emt 0:06:06]} Qxc4 {[%emt 0:14:20]} 26. b3 {[%emt 0:01:53]} Qc5 {[%emt 0:00:15]} 27. exd5 {[%emt 0:00:32]} Rbd8 {[%emt 0:00:50]} 28. dxe6 {[%emt 0:01:39]} Rxe6 29. Qd1 {[%emt 0:03:03]} Rde8 {[%emt 0:02:44]} 30. Rxe6 {[%emt 0:00:39]} Rxe6 {[%emt 0:00:34]} 31. Be3 {[%emt 0:01:10]} Rxe3 {[%emt 0:00:21]} 32. Rxd4 {[%emt 0:00:18]} Re8 {[%emt 0:08:08]} 1/2-1/2

[Event "GER-chT Youth Countries 2018"]
[Site "Wurzburg"]
[Date "2018.10.05"]
[Round "5"]
[White "Joeres, Stefan"]
[Black "Browning, Alex"]
[Result "1-0"]
[WhiteElo "2043"]
[BlackElo "2150"]
[Annotator "NA"]
[PlyCount "71"]
[EventDate "2018.10.03"]
[EventType "team-tourn"]
[EventCountry "GER"]
[SourceTitle "playchess.com"]
[Source "ChessBase"]
[SourceQuality "1"]
[TimeControl "40/5400+30:1800+30"]

1. e4 {[%emt 0:00:00]} c5 {[%emt 0:00:00]} 2. Nf3 {[%emt 0:00:00]} d6 {[%emt 0:00:00]} 3. d4 {[%emt 0:00:00]} cxd4 {[%emt 0:00:00]} 4. Nxd4 {[%emt 0:00:00]} Nf6 {[%emt 0:00:05]} 5. Nc3 {[%emt 0:00:00]} a6 {[%emt 0:00:09]} 6. a3 {[%emt 0:00:18]} e5 {[%emt 0:00:17]} 7. Nf5 {[%emt 0:00:05]} d5 {[%emt 0:00:15]} 8. Bg5 {[%emt 0:00:05]} d4 {[%emt 0:00:10]} 9. Bxf6 {[%emt 0:00:05]} gxf6 {[%emt 0:00:07]} 10. Nb1 {[%emt 0:00:45]} Be6 {[%emt 0:00:35]} 11. Bd3 {[%emt 0:01:03]} Qb6 {[%emt 0:02:43]} 12. b3 {[%emt 0:03:25]} Nd7 {[%emt 0:01:40]} 13. Nd2 {[%emt 0:14:29]} Qc6 {[%emt 0:03:12]} 14. O-O {[%emt 0:02:53]} Nc5 {[%emt 0:04:08]} 15. Bc4 {[%emt 0:01:07]} h5 $15 {[%emt 0:05:41]} 16. Qe2 {[%emt 0:03:02]} b5 {[%emt 0:22:48]} 17. Bxe6 {[%emt 0:06:16]} Nxe6 {[%emt 0:10:30]} 18. g3 {[%emt 0:02:52]} Rc8 {[%emt 0:04:42]} 19. Rfc1 {[%emt 0:04:29]} Qc3 {[%emt 0:02:03]} 20. a4 {[%emt 0:01:58]} Bb4 {[%emt 0:01:58]} 21. Rd1 {[%emt 0:02:35]} Qxc2 {[%emt 0:09:51]} 22. axb5 {[%emt 0:00:12]} Ng5 {[%emt 0:01:49]} 23. Rdc1 {[%emt 0:11:34]} Qxc1+ {[%emt 0:02:06]} 24. Rxc1 {[%emt 0:00:10]} Rxc1+ {[%emt 0:00:05]} 25. Nf1 {[%emt 0:00:04]} Rc3 {[%emt 0:07:57]} 26. bxa6 {[%emt 0:10:53]} d3 {[%emt 0:01:12]} 27. Qd1 {[%emt 0:00:08]} Ne6 {[%emt 0:06:25]} 28. N1e3 {[%emt 0:06:11]} Ba3 {[%emt 0:03:58]} 29. Kg2 {[%emt 0:01:11]} Nc5 {[%emt 0:01:18]} 30. Qa1 {[%emt 0:03:32]} Rxb3 {[%emt 0:01:27]} 31. Nc4 {[%emt 0:00:07]} d2 {[%emt 0:01:48]} 32. Nxd2 {[%emt 0:00:04]} Rd3 {[%emt 0:00:03]} 33. Nc4 {[%emt 0:00:12]} h4 {[%emt 0:01:34]} 34. Nxh4 {[%emt 0:00:18]} O-O {[%emt 0:01:00]} 35. Nxa3 {[%emt 0:00:15]} Ra8 {[%emt 0:00:06]} 36. Qc1 {[%emt 0:01:54]} 1-0